| 000 | 00712nam a2200181Ia 4500 | ||
|---|---|---|---|
| 003 | 0 | ||
| 005 | 20250127075551.0 | ||
| 008 | 150126s9999 xx 000 0 und d | ||
| 050 |
_aPHS HM 851 _b.M314 2014 |
||
| 100 | _aMarcelo, Joanna Mari B. | ||
| 245 | 4 |
_aThe difference on the level of awareness on legal risks in social networking between male and female grade 11 students / _cJoanna Mari B. Marcelo. |
|
| 260 |
_aLas PiƱas City, Philippines : _bSouthville International School and Colleges, _c2014. |
||
| 300 |
_a46 pages : _billustration ; _c28 cm. |
||
| 504 | _aIncludes bibliographical references. | ||
| 650 | _aAwareness. | ||
| 650 |
_aSocial networks _vMoral and ethical aspects. |
||
| 942 |
_2lcc _cPASS |
||
| 999 |
_c278652 _d278652 |
||